| 000 | 00438nam a2200157Ia 4500 | ||
|---|---|---|---|
| 003 | GCL | ||
| 008 | 140319s9999 xx 000 0 eng d | ||
| 040 |
_aGCL / _cGCL |
||
| 082 | 0 | 4 |
_a350.7142 _bG O |
| 100 | 1 | _aGOLDHABER, GERALD M. | |
| 245 | 1 | 0 |
_aORGANIZATIONAL COMMUNICATION / _cGOLDHABER, GERALD M. |
| 260 |
_a[S.N] : _bBROWN AND BENCHMANBE ، _c1993 |
||
| 300 | _a459 P | ||
| 650 | 0 | 4 | _aCOMMUNICATION IN ORGANIZATION |
| 942 |
_2ddc _cBK |
||
| 999 |
_c16536 _d16536 |
||